00442nam a2200133Ia 450000500170000000800410001702000180005808200130007624500490008926000480013830000130018650000780019970000310027720250620033118.0240331s9999 xx 000 0 und d a9789551302115 bSRIa322 0aSri Lankawa :bmanawa himikam thathwaya 2006 aColombobLaw & Social responsibilityc2006 a200 p ., aSri Lanka: Human Rights Situation 2006 Tsunami Disaster and the Aftermath aNeethiya ha samaja . eedt